000 00480nam a22001457a 4500
003 OSt
005 20150905143134.0
008 150905b xxu||||| |||| 00| 0 eng d
040 _cRUA
082 _aAGR ស្រី 1991 B002 Or.1
100 _935
_aស្រីី ចន្ធី
245 _aប្រព័ន្ធកសិកម្ម នៅមណ្ឌលអភិវឌ្ឍន៍កសិកម្ម តាស្អាង
300 _a96p.
_bill.
_c29cm.
942 _2ddc
_cAGR
999 _c33
_d33